Abél Sánchez
Đã lưu trong:
| Tác giả chính: | |
|---|---|
| Định dạng: | Sách |
| Ngôn ngữ: | Tiếng Tây Ban Nha |
| Được phát hành: |
Buenos Aires
Losada
2004
|
| Phiên bản: | 4a. ed |
| Loạt: | Biblioteca Clásica y Contemporánea, 608
|
| Những chủ đề: | |
| Các nhãn: |
Thêm thẻ
Không có thẻ, Là người đầu tiên thẻ bản ghi này!
|
MARC
| LEADER | 00000nam a2200000 a 4500 | ||
|---|---|---|---|
| 001 | UCI2319 | ||
| 003 | CL-VaPUC | ||
| 008 | 070817e20040000AG |||||||||||||||||spa|d | ||
| 020 | |a 9500305232 | ||
| 082 | 0 | 4 | |a 863 |b UNA |2 21 |
| 100 | 0 | |a Unamuno, Miguel de |e author |9 312478 | |
| 245 | 1 | 0 | |a Abél Sánchez |
| 250 | |a 4a. ed | ||
| 300 | |a 168 p | ||
| 942 | |c BK | ||
| 945 | |d 20070817 00:00:00 |a rbrito | ||
| 260 | |a Buenos Aires |b Losada |c 2004 | ||
| 650 | 0 | |a Novelas españolas |9 265052 | |
| 583 | |a last modification |c 20070817 00:00:00 |k Rodrigo Vera | ||
| 490 | 0 | |a Biblioteca Clásica y Contemporánea, 608 | |
| 999 | |c 326932 |d 326930 | ||
| 952 | |0 0 |1 0 |4 0 |6 863_000000000000000_UNA_2004 |7 0 |8 A |9 409194 |a BIBEDU |b BIBEDU |d 2019-11-22 |i 4365550 |o 863 UNA 2004 |p 4365550 |r 2019-11-22 |w 2019-11-22 |y BK |k EDU | ||